| 000 | 01162cam a2200349 a 4500 | ||
|---|---|---|---|
| 001 | 16277395 | ||
| 003 | OSt | ||
| 005 | 20140310183102.0 | ||
| 008 | 100610s2010 ph ab f000 0 eng | ||
| 010 | _a 2010338538 | ||
| 020 | _a9789715426305 | ||
| 040 |
_aDLC _cDLC _dDLC |
||
| 042 |
_alcode _apcc |
||
| 043 | _aa-ph--- | ||
| 050 | 0 | 0 |
_aDS660 _b.B69 2010 |
| 082 |
_aF959.9 _b.B791 2010 |
||
| 100 | 1 |
_aBoyer, Robert H., _d1937- |
|
| 245 | 1 | 0 |
_aSundays in Manila / _cRobert H. Boyer ; with sketches by June Poticar Dalisay. |
| 260 |
_aDiliman, Quezon City : _bUniversity of the Philippines Press, _cc2010. |
||
| 300 |
_axii, 248 p. : _bill., maps ; _c23 cm. |
||
| 521 | _aCollege Students | ||
| 526 | _c1210L-1700L | ||
| 541 | _j1 | ||
| 562 | _eFor circulation. 1 copy available in the collection | ||
| 600 | 1 | 0 |
_aBoyer, Robert H., _d1937- _xTravel _zPhilippines. |
| 651 | 0 |
_aPhilippines _xDescription and travel. |
|
| 651 | 0 |
_aPhilippines _xSocial life and customs. |
|
| 700 | 1 | _aDalisay, June Poticar. | |
| 906 |
_a7 _bcbc _corigode _d3 _encip _f20 _gy-gencatlg |
||
| 942 |
_2lcc _cBK _kFIL |
||
| 999 |
_c18748 _d18748 |
||